Statistics for US Cities with the Highest Hong Kongese Immigrant Population

Click here to take the quiz!

General Stats

  • This quiz has been taken 43 times
  • The average score is 9 of 10

Answer Stats

PopulationStateAnswer% Correct
33,000CaliforniaLos Angeles
100%
5,000IllinoisChicago
97%
4,000TexasHouston
97%
47,000New YorkNew York City
97%
8,000WashingtonSeattle
97%
45,000CaliforniaSan Francisco
94%
8,000MassachusettsBoston
91%
5,000Federal DistrictWashington D.C.
89%
11,000CaliforniaSan Jose
80%
4,000CaliforniaSacramento
66%

Score Distribution

Percentile by Number Answered

Percent of People with Each Score

Your Score History

You have not taken this quiz